书目信息 |
| 题名: |
反腐败研究
|
|
| 作者: | 杨夏柏 主编 | |
| 分册: | 第六集 | |
| 出版信息: | 杭州 浙江大学出版社 2007.01 |
|
| 页数: | 316页 | |
| 开本: | 23cm | |
| 丛书名: | ||
| 单 册: | ||
| 中图分类: | D630.9-53 | |
| 科图分类: | ||
| 主题词: | 廉政建设--lian zheng jian she--中国--文集 | |
| 电子资源: | ||
| ISBN: | 978-7-308-05123-1 | |
| 000 | 00835nam0 2200229 450 | |
| 001 | 012008480695 | |
| 005 | 20080613115945.95 | |
| 010 | @a978-7-308-05123-1@dCNY39.00 | |
| 100 | @a20080613d2007 em y0chiy0120 ea | |
| 101 | 0 | @achi |
| 102 | @aCN@b330000 | |
| 105 | @ay z 000yy | |
| 106 | @ar | |
| 200 | 1 | @a反腐败研究@Afan fu bai yan jiu@h第六集@f杨夏柏主编@Fyang xia bai zhu bian |
| 210 | @a杭州@c浙江大学出版社@d2007.01 | |
| 215 | @a316页@d23cm | |
| 330 | @a本书共33部分,内容包括:知荣辱、树新风、推进社会主义新农村建设;关于全面履行行政监察职能的若干思考;商业贿赂的政治危害;论党的先进性;中国古代监察制度的十个基本特点等。 | |
| 606 | 0 | @a廉政建设@Alian zheng jian she@y中国@j文集 |
| 690 | @aD630.9-53@v4 | |
| 701 | 0 | @a杨夏柏@Ayang xia bai@4主编 |
| 801 | 0 | @aCN@bQSSK@c20080613 |
| 905 | @b727318-20@dD630.9-53@eY300:6@f3 | |
| 反腐败研究.第六集/杨夏柏主编.-杭州:浙江大学出版社,2007.01 |
| 316页;23cm |
| ISBN 978-7-308-05123-1:CNY39.00 |
| 本书共33部分,内容包括:知荣辱、树新风、推进社会主义新农村建设;关于全面履行行政监察职能的若干思考;商业贿赂的政治危害;论党的先进性;中国古代监察制度的十个基本特点等。 |
| ● |
| 相关链接 |
|
|
|
正题名:反腐败研究
索取号:D630.9-53/Y300:6
 
预约/预借
| 序号 | 登录号 | 条形码 | 馆藏地/架位号 | 状态 | 备注 |
| 1 | 727318 | 207273181 | 社科库509/509社科库 74排5列5层/ [索取号:D630.9-53/Y300:6] | 在馆 | |
| 2 | 727319 | 207273190 | 社科库509/509社科库 74排5列5层/ [索取号:D630.9-53/Y300:6] | 在馆 | |
| 3 | 727320 | 207273207 | 社科库509/509社科库 74排5列5层/ [索取号:D630.9-53/Y300:6] | 在馆 |